000 00682nam a2200229Ia 4500
003 OSt
005 20220923211902.0
006 a|||||r|||| 00| 0
007 ta
008 Pun
024 _a65,216
037 _cTextual
040 _aARTS
_cARTS
_bPun
041 _2Pun
_aPun
082 _aQ8441:2J63,A:g (P), 153H9
100 _aਤੇਜਾ ਸਿੰਘ
245 0 _aਸ੍ਰੀ ਗੁਰੂ ਗ੍ਰੰਥ ਸਾਹਿਬ ਜੀ ਵਿਚ Fਬਦਾਂਤਿਕ ਲਗਾਂ ਮਾਤ੍ਰਾਂ
260 _c1949
650 _aਧਰਮ
942 _hQ8441:2J63,A:g (P), 153H9
_cTEXL
_2CC
999 _c304375
_d304375